| 000 | 03268 a2200349 4500 | ||
|---|---|---|---|
| 005 | 20140603115208.0 | ||
| 008 | 140528s19771982ag g q mleng d | ||
| 040 |
_aCO-BoUCM _bspa _cOscar Anaya _dAldemar Mondragón |
||
| 041 | _aeng | ||
| 092 | _aDVD 1472 | ||
| 245 | 0 | 0 |
_aGrease _h[DVD] _cRandal Kleiser y Patricia Birch, directores |
| 260 |
_c1982 _aBuenos Aires (Argentina) _bParamount Pictures |
||
| 300 |
_a2 DVD, 236 minutos _bimagen, sonido, color |
||
| 505 | 0 | 0 |
_tGrease V.1 _g1977 _aSINOPSIS: Un musical sobre los adolescentes enamorados en los años 50! Es California, 1959 y Danny Zuko y el australiano Olsson están enamorados. Pasan el tiempo en la playa, y van a la escuela Rydell High. Danny es el líder de los T-Birds, un grupo con chaquetas negras que combaten con un grupo de chicas-rosa y su lider Rizzo. Cuando se enfrentan en el primer rally pep de Rydell, Danny no es el mismo que solía ser en la playa. Ellos tratan de estar juntos a pesar de todo |
| 505 | 0 | 0 |
_tGrease V.2 _g1982 _aSINOPSIS: Volver a Rydell para un nuevo año! Es 1961, dos años después que la banda original de Grease se graduó, y hay una nueva cosecha de la tercera generación - y los nuevos miembros de las pandillas en el campus, las Pink Ladies y T-Birds. Michael Carrington es el nuevo chico en la escuela - pero ha sido tildado de Brainiac. ¿Puede arreglar una vieja motocicleta, ponerse una chaqueta de cuero, evitar un estruendo con el líder de los T-Birds, y ganar el corazón de la Pink Lady Stephanie Zinone? Él está seguro que así será |
| 508 | _aCRÉDITOS V.1: Dirigida por Randal Kleiser ; guion por Bronte Woodard ; producida por Allan Carr ; fotografía por Bill Butler ; diseño de producción por Phil Jefferies ; ambientación por James Berkey ; vestuario por Albert Wolsky ; maquillaje por Eddie Allen | ||
| 508 | _aCRÉDITOS V.2: Dirigida por Patricia Birch ; escrita por Ken Finkleman ; producida por Allan Carr ; música por Louis St. Louis ; fotografía por Frank Stanley ; diseño de producción por Gene Callahan ; ambientación por Lee Poll ; vestuario por Robert De Mora ; maquillaje por Del Acevedo | ||
| 511 | 0 | _aREPARTO V.1: John Travolta, Olivia Newton-John, Stockard Channing, Jeff Conaway, Barry Pearl, Michael Tucci, Kelly Ward, Didi Conn, Jamie Donnelly, Dinah Manoff | |
| 511 | 0 | _aREPARTO V.2: Maxwell Caulfield, Michelle Pfeiffer, Lorna Luft, Maureen Teefy, Alison Price, Pamela Adlon, Adrian Zmed, Peter Frechette, Christopher McDonald, Leif Green | |
| 546 | _aAudio en inglés. Subtítulos en inglés, portugués y español | ||
| 650 | 7 |
_957074 _aPelículas musicales _vDVD |
|
| 650 | 7 |
_99897 _aBaile _vDVD |
|
| 650 | 7 |
_957043 _aAmor en el cine _vDVD |
|
| 690 |
_942805 _aEntretenimiento |
||
| 700 | 1 |
_aKleiser, Randal _edirector _961986 |
|
| 700 | 1 |
_aBirch, Patricia _edirector _961987 |
|
| 710 | 2 |
_aParamount Pictures _948549 |
|
| 765 | 0 | _tGrease | |
| 856 | 4 | 0 |
_uhttp://www.youtube.com/watch?v=f2CCEixOVVU _zSiga este enlace para ver el trailer V.1 _zTrailer tomado del canal ParamountmoviesDigital vía YouTube.com |
| 856 | 4 | 0 |
_uhttp://www.youtube.com/watch?v=yfM4Gt4TIYw _zSiga este enlace para ver el trailer V.2 _zTrailer tomado del canal MoviemanTrailersvía YouTube.com |
| 942 |
_2LOCAL _a11 _cMULTIMEDIA _e1 |
||
| 999 |
_c242905 _d242905 |
||